000 00504nam a2200181Ia 4500
001 17968
005 20260306171556.0
008 260306s9999||||xx |||||||||||||| ||und||
041 _aESP
082 _a658.3
_bQ62
100 _aQuintanilla, Javier
_eAUT
245 0 _aRetos de la dirección de personas:
_buna mirada desde la alta dirección sobre la función recursos humanos
260 _c2012
300 _a153 páginas :
_c24 cm.
650 _aGEN
654 _aCAN
942 _cLIB
_dJUS
_fJUS
_2ddc
_n
999 _c17968
_d17968